000 00940nam a22002657a 4500
005 20110420105126.0
008 110420t xxu||||| |||| 00| 0 eng d
010 _aENG-102244
020 _a9780070702707
_c295.00
020 _a0070702705
_c295.00
035 _aEN-85777
037 _bDBAD/PUB
040 _aDPL
_bEng
082 _a621.381537
100 _927338
_aVenugopal, K. R.
245 _aDigital circuits and systems /
_cby Venugopal, K.R. [and] Shaila,K.
260 _aNew Delhi
_bTata McGraw Hill
_c2011
270 _a7, West Patel Nagar
_bNew Delhi
_e110008
300 _axx,833p.
_c24cm (pbk)
500 _aIncludes bibliographical references and index.
650 _927341
700 _aShaila, K.
_927339
942 _2ddc
_cEN
_mVEN
_h621.381537
999 _c51690
_d51690